01825cam a22003494i 4500003000900000005001700009008004100026020001500067020001800082035002000100040003300120082002100153245012100174264002800295300004200323336002100365337002500386338002300411490005300434504004000487504003100527505072700558526000901285526000901294526000801303526000801311526000801319650001601327650003901343650006601382700002701448PE-LiUPU20250731184059.0170630s2014 mau rb 000 0 eng d a900426907X a9789004269071 a(Sirsi) a237843 aPE-LiUPUbengcPE-LiUPUerda04a871.0309bD922300aDynamics of Neo-Latin and the vernacular :blanguage and poetics, translation and transfer /cedited by Tom Deneire. 1aBoston :bBrill,c2014. ax, 327 páginas ;c25 centímetros. atext2rdacontent aunmediated2rdamedia avolume2rdacarrier0 aMedieval and Renaissance Authors and Texts ;v13 aBibliografía : páginas 315-322. aIndex : páginas 323-327.0 aIntroduction: dymamics of Neo-Latin and the vernacular: history and introduction -- Introduction: dymamics of Neo-Latin and the vernacular: some thoughts regarding its approach -- Neo-Latin and vernacular poetics of self-fashioning in duch occasional poetry (1635-1640) -- Liminary poetry in latin and dutch. The case of Pieter Bor's Nederlantsche Oorlonghen -- Exploring the bordelands. On the division of labour between latin and vernacular(s) in the Church in scania under danish and swedish rule in the seventeenth century -- Dabiel Heinsius als leitfigur auf dem Wege zur deutschen kulturnation im spannungsfeld von Latein und Landessprachen... -- Vitruvius and his sixteenth-century readers, in Latin and vernacular. aP145 aP127 aP97 aP14 aP0704aHumanistas.04aLengua latina, medieval y moderna.04aLiteratura latina, Medieval y moderna xHistoria y crítica.1 aDeneire, Tom,eeditor.